00496nam a2200193 a 4500001001300000003000900013005001700022008004100039020002300080082001900103100002200122245002000144260004100164300000900205500003500214505001000249650002100259700002200280nice12345678IN_TiNIC20260116013124.0050524s1999 newa grp 000 0 eng  a0761952 c39500a305.40954bGUP aGupta, Sangeeta R aEmerging Voices aNew Delhi bSage Publications c1999 a259p aincludes index and biblioraphy2 aIndex aWomen-South Asia1 aGupta, Sangeeta R